Statistics for NBA 2K22 Top Dunkers

Click here to take the quiz!

General Stats

  • This quiz has been taken 1,437 times
    (1,160 since last reset)
  • The average score is 13 of 26

Answer Stats

RatingTeamPlayer% Correct
94MEMJa Morant
95%
95CHIZach LaVine
95%
97NOZion Williamson
95%
90LALLebron James
86%
91MILGiannis Antetokounmpo
82%
95DENAaron Gordon
78%
88LALAnthony Davis
72%
88BOSJayson Tatum
71%
89BOSJaylen Brown
65%
90MINAnthony Edwards
62%
92UTADonovan Mitchell
62%
93ATLJohn Collins
61%
92GSAndrew Wiggins
55%
91CHAMiles Bridges
51%
86LALRussell Westbrook
50%
86PHIBen Simmons
49%
89PORAnfernee Simmons
48%
94CHIDerrick Jones Jr.
40%
92Free agentGerald Green
36%
90NYKObi Toppin
32%
93DETHamidou Diallo
19%
90Free agentGlenn Robinson III
17%
86MILPat Connaughton
15%
92Free agentCassius Stanley
2%
89Free agentJalen Lecque
1%
89Free agentTerrance Ferguson
1%

Score Distribution

Percentile by Number Answered

Percent of People with Each Score

Your Score History

You have not taken this quiz since the last reset